000 00408nam a2200157Ia 4500
003 GCL
008 140319s9999 xx 000 0 eng d
040 _aGCL /
_cGCL
082 0 4 _aCC
_b709.1
_bN A
100 1 _aNEWTON, CHARLES
245 1 0 _aL'ART ARABE: PRISSE D'AVENNES /
_cNEWTON, CHARLES
260 _a[S.N] :
_bBOOK VALUE INTERNATIONAL ،
_c1988
300 _a18 P
650 0 4 _aARTS
942 _2ddc
_cBK
999 _c25036
_d25036